| 000 | 00424cam a2200169ua 4500 | ||
|---|---|---|---|
| 020 | _c$ 40.00 | ||
| 041 |
_aeng _h |
||
| 082 |
_a621.8672 _bWEA/PR |
||
| 100 | _aWeaven, R.P . | ||
| 245 |
_aProcess piping design, Vol.2 / _cR.P.Weaven. _hTextual Documents |
||
| 260 |
_aLondon : _bGulf Publishing Company , _c1995. |
||
| 300 | _a165 ; . | ||
| 365 | _a$ 40.00 | ||
| 504 | _a | ||
| 942 | _cBK | ||
| 999 |
_c9277 _d9277 |
||